1182 1760 1616 1567 1733 1349 1169 1293 1923 1832 1656 1374 1687 1374 1748 1983 1139 1456 1792 1762 1522 1779 1052 1352 1662 1331 1994 1908 1612 1232 1152 1290 1958 1045 1770 1274 1918 1983 1124 1946 1519 1104 1981 1193 1294 1952 1641 1737 1989 1348 1590 1048 1675 1478 1366 1585 1699 1398 1703 1271 1016 1442 1465 1256 1962 1210 1225 1058 1290 1699 1960 1542 1975 1338 1530 1673 1833 1203 1294 1751 1063 1807 1221 1189 1402 1168 1172 1021 1649 1825 1969 1726 1613 1097 1389 1163 1810 1742 1836 BCNSPRNW ULIB Ver.6.0+V

เปลี่ยนเป็นภาษาไทย

Change to English
 แสดงรายละเอียดบรรณานุกรม
  กลับหน้าหลัก

Brief Record : Get Marc (ISO 2709) : E-mail record : QR code < ปิดหน้าต่าง
LEADER : 00000nam 2200000uu 4500
001    13399128895
003     ULIB
008    241025s2024||||th 000 0 tha d
020    ^a9780323711906
060 04 ^aWY161^bA189
245 00 ^aAcute & chronic wounds Intraprofessionals from Novice to Expert /^c[edited by ] Ruth A. Bryant, Denise P. Nix
246 1  ^aAcute and chronic wounds
250    ^a6th ed.
260    ^aSt. Louis :^bElsevier Mosby,^c2024
300    ^axii, 803 p. :^bill. (some col.) ;^c28 cm.
504    ^aIncludes bibliographical references and index
650  2 ^aWounds and Injuries^xnursing
650  2 ^aEnterostomy^xnursing
650  2 ^aPatient Care Planning
650  2 ^aWound Healing
700 1  ^aBryant, Ruth A.,^eed.
700 1  ^aNix, Denise P.,^eed.
730 0  ^aAcute and chronic wounds
945    ^p2932^l0^i011142
999    ^aประนอม เกษจรัล
รายการนี้ยังไม่มีแท็ก
คุณยังไม่ได้ล็อกอิน คุณสามารถมีกิจกรรมร่วมกับเว็บไซต์ได้ แต่ต้องล็อกอินก่อน ::
  ล็อกอิน

รายการสื่อสารสนเทศ

ลำดับที่ ประเภท เลขเรียก/บาร์โค้ด สถานที่ สถานะ
1. Book การพยาบาล
หนังสือสำรอง
สถานะ=หนังสือสำรอง
WY161 A189 ฉ.1 
  Barcode: 011142
ห้องสมุดวิทยาเขตสวรรค์ประชารักษ์
►หนังสือทั่วไป
บนชั้น

รายการใกล้เคียง
    หัวเรื่อง [Patient Care Planning]
    หัวเรื่อง [Wound Healing]

BibComment


ยังไม่เคยถูกคอมเมนท์

คอมเมนท์ทรัพยากรรายการนี้
  คอมเมนท์: Acute chronic w..


 Copyright 2026. Bcnsprnw @Library